<?xml version="1.0" encoding="UTF-8"?>
<collection xmlns="http://www.loc.gov/MARC21/slim">
 <record>
  <leader>06786nam a2200469 a 4500</leader>
  <controlfield tag="001">kal4582</controlfield>
  <controlfield tag="003">Gr-AtHEAL</controlfield>
  <controlfield tag="005">20160427135928.0</controlfield>
  <controlfield tag="006">m        d        </controlfield>
  <controlfield tag="008">160413s2015    gr      s           gre|c</controlfield>
  <datafield tag="020" ind1=" " ind2=" ">
   <subfield code="a">9789606033643</subfield>
  </datafield>
  <datafield tag="040" ind1=" " ind2=" ">
   <subfield code="a">GR-AtHEAL</subfield>
   <subfield code="b">gre</subfield>
   <subfield code="c">GR-AtHEAL</subfield>
  </datafield>
  <datafield tag="082" ind1="0" ind2="4">
   <subfield code="a">004</subfield>
   <subfield code="2">23</subfield>
  </datafield>
  <datafield tag="100" ind1="1" ind2=" ">
   <subfield code="a">Δρόσος, Δημήτριος.</subfield>
   <subfield code="8">2538</subfield>
  </datafield>
  <datafield tag="245" ind1="1" ind2="0">
   <subfield code="a">Εισαγωγή στην επιστήμη των υπολογιστών &amp; επικοινωνιών</subfield>
   <subfield code="h">[Ηλεκτρονικός πόρος] </subfield>
   <subfield code="b">Τεχνολογίες και εφαρμογές</subfield>
   <subfield code="c">Δρόσος, Δημήτριος ; Κριτικός αναγνώστης,Κάτσικας, Σωκράτης ; Γραφιστική επιμέλεια,Μπαξεβάνης, Μάριος ; Τεχνική επιμέλεια,Νομικός, Νικόλαος ; Τεχνική επιμέλεια,Μπαξεβάνης, Μάριος ; Γλωσσική επιμέλεια,Σπανακά, Αδαμαντία.</subfield>
  </datafield>
  <datafield tag="260" ind1=" " ind2=" ">
   <subfield code="a">Αθήνα :</subfield>
   <subfield code="b">Σύνδεσμος Ελληνικών Ακαδημαϊκών Βιβλιοθηκών,</subfield>
   <subfield code="c">c2015.</subfield>
  </datafield>
  <datafield tag="490" ind1=" " ind2=" ">
   <subfield code="a">Ακαδημαϊκά Ηλεκτρονικά Συγγράμματα και Βοηθήματα Κάλλιπος</subfield>
   <subfield code="8">40</subfield>
  </datafield>
  <datafield tag="500" ind1=" " ind2=" ">
   <subfield code="a">Υπάρχουν τέσσερις συν-συγγραφείς</subfield>
  </datafield>
  <datafield tag="505" ind1=" " ind2=" ">
   <subfield code="a">1. Οι σύγχρονες τεχνολογίες πληροφορικής και επικοινωνιών και οι εφαρμογές τους2. Υπολογιστικά συστήματα: Δομή, αρχιτεκτονική και λειτουργικά συστήματα3. Βασικές αρχές ψηφιακών κυκλωμάτων και συστημάτων4. Βασικές αρχές δικτύων δεδομένων5. Σύγχρονες τεχνολογίες διαδικτύου και υπολογιστική νέφους6. Βασικές αρχές συστημάτων τηλεπικοινωνιών και τεχνικές μετάδοσης σήματος7. Σύγχρονες εφαρμογές των συστημάτων τηλεπικοινωνιών8. Πληροφοριακά συστήματα στις σύγχρονες επιχειρήσεις9. Επιχειρείν στο διαδίκτυο και σε ασύρματες συσκευές10. Ασφάλεια και προστασία της ιδιωτικότητας: Απειλές και τρόποι αντιμετώπισης11. Κοινωνικές επιπτώσεις των τεχνολογιών πληροφορικής και επικοινωνιών</subfield>
  </datafield>
  <datafield tag="520" ind1=" " ind2=" ">
   <subfield code="a">Η σύγκλιση υπολογιστικών και επικοινωνιακών συστημάτων αποτελεί βάση για τις σημερινές τεχνολογικές εξελίξεις, προσφέρει νέες ευκαιρίες κοινωνικής και επιχειρηματικής εξέλιξης, αλλά και την ανάγκη τόσο της ατομικής, όσο και της συλλογικής προστασίας και ενημέρωσης.Το βιβλίο αυτό φιλοδοξεί να εισαγάγει τον αναγνώστη στις βασικές αρχές της πληροφορικής και των επικοινωνιών, αναφερόμενο σε κάθε επίπεδο ξεχωριστά. Στη συνέχεια ακολουθεί αποτύπωση των τεχνολογιών και εφαρμογών στο ιδιωτικό και δημόσιο περιβάλλον που αξιοποιούν πληροφοριακά και επικοινωνιακά συστήματα. Το περιεχόμενο ολοκληρώνεται αναλύοντας θέματα ασφάλειας, προστασίας της ιδιωτικότητας καθώς και τις κοινωνικές επιπτώσεις των ανωτέρω τεχνολογιών.Το βιβλίο απευθύνεται σε προπτυχιακούς και μεταπτυχιακούς φοιτητές καθώς και στο ευρύτερο αναγνωστικό κοινό που επιθυμεί να αποκτήσει μια εισαγωγική αλλά και παράλληλα ολιστική προσέγγιση στο θέμα. Η εμπειρία της συγγραφικής ομάδας καλύπτει τη θεματολογία του βιβλίου και βασίζεται σε μεγάλο βαθμό σε υλικό που έχουν ήδη συλλέξει οι συγγραφείς μέσα από πολλές ώρες διδασκαλίας. Φιλοδοξία αποτελεί η χρήση νέων τεχνολογιών παρουσίασης και διάδρασης με τον αναγνώστη, ώστε το βιβλίο να αποτελέσει ζωντανό ιστό διδασκαλίας και επιμόρφωσης.</subfield>
  </datafield>
  <datafield tag="650" ind1=" " ind2="0">
   <subfield code="a">Information technology</subfield>
   <subfield code="8">2683</subfield>
  </datafield>
  <datafield tag="650" ind1=" " ind2="0">
   <subfield code="a">Telecommunication systems. </subfield>
   <subfield code="8">2700</subfield>
  </datafield>
  <datafield tag="653" ind1=" " ind2=" ">
   <subfield code="a">Διαδίκτυο</subfield>
  </datafield>
  <datafield tag="653" ind1=" " ind2=" ">
   <subfield code="a">Ψηφιακά μέσα</subfield>
  </datafield>
  <datafield tag="653" ind1=" " ind2=" ">
   <subfield code="a">Πληροφοριακά συστήματα διοίκησης</subfield>
  </datafield>
  <datafield tag="653" ind1=" " ind2=" ">
   <subfield code="a">Λογική και κυκλώματα</subfield>
  </datafield>
  <datafield tag="653" ind1=" " ind2=" ">
   <subfield code="a">Δίκτυα υπολογιστών</subfield>
  </datafield>
  <datafield tag="653" ind1=" " ind2=" ">
   <subfield code="a">Πληροφοριακά συστήματα</subfield>
  </datafield>
  <datafield tag="653" ind1=" " ind2=" ">
   <subfield code="a">Τεχνολογία και επιστήμες μηχανικών</subfield>
   <subfield code="a">Μηχανική και τεχνολογία τηλεπικοινωνιών</subfield>
   <subfield code="a">Τεχνολογίες παγκόσμιου ιστού</subfield>
  </datafield>
  <datafield tag="653" ind1=" " ind2=" ">
   <subfield code="a">Επιστήμη υπολογιστών/Πληροφορική</subfield>
   <subfield code="a">Αρχές ανάπτυξης λογισμικού</subfield>
  </datafield>
  <datafield tag="653" ind1=" " ind2=" ">
   <subfield code="a">Επιστήμη υπολογιστών/Πληροφορική</subfield>
   <subfield code="a">Διαχείριση πληροφορίας</subfield>
  </datafield>
  <datafield tag="653" ind1=" " ind2=" ">
   <subfield code="a">Επιστήμη υπολογιστών/Πληροφορική</subfield>
   <subfield code="a">Αρχιτεκτονική και οργάνωση</subfield>
  </datafield>
  <datafield tag="700" ind1="1" ind2=" ">
   <subfield code="a">Βουγιούκας, Δημοσθένης</subfield>
   <subfield code="e">Συγγραφέας</subfield>
   <subfield code="8">2539</subfield>
  </datafield>
  <datafield tag="700" ind1="1" ind2=" ">
   <subfield code="a">Καλλίγερος, Εμμανουήλ</subfield>
   <subfield code="e">Συγγραφέας</subfield>
   <subfield code="8">2540</subfield>
  </datafield>
  <datafield tag="700" ind1="1" ind2=" ">
   <subfield code="a">Κοκολάκης, Σπυρίδων</subfield>
   <subfield code="e">Συγγραφέας</subfield>
   <subfield code="8">2541</subfield>
  </datafield>
  <datafield tag="700" ind1="1" ind2=" ">
   <subfield code="a">Σκιάνης, Χαράλαμπος</subfield>
   <subfield code="e">Συγγραφέας</subfield>
   <subfield code="8">2542</subfield>
  </datafield>
  <datafield tag="700" ind1="1" ind2=" ">
   <subfield code="a">Κάτσικας, Σωκράτης</subfield>
   <subfield code="e">Κριτικός αναγνώστης</subfield>
   <subfield code="8">2543</subfield>
  </datafield>
  <datafield tag="856" ind1="4" ind2="0">
   <subfield code="u">http://hdl.handle.net/11419/4582</subfield>
   <subfield code="z">Πλήρες Κείμενο - Full text</subfield>
  </datafield>
  <datafield tag="907" ind1=" " ind2=" ">
   <subfield code="a">.b25678796</subfield>
   <subfield code="b">12-06-18</subfield>
   <subfield code="c">29-07-16</subfield>
  </datafield>
  <datafield tag="949" ind1=" " ind2=" ">
   <subfield code="0">0</subfield>
   <subfield code="1">0</subfield>
   <subfield code="2">ddc</subfield>
   <subfield code="4">0</subfield>
   <subfield code="6">004_000000000000000_ΔΡΟ</subfield>
   <subfield code="7">0</subfield>
   <subfield code="8">KALL</subfield>
   <subfield code="8">638</subfield>
   <subfield code="d">2016-04-13</subfield>
   <subfield code="r">2016-04-13</subfield>
   <subfield code="w">2016-04-13</subfield>
   <subfield code="z">004 ΔΡΟ</subfield>
   <subfield code="o">SEAB KALLIPOS</subfield>
  </datafield>
  <datafield tag="998" ind1=" " ind2=" ">
   <subfield code="a">80</subfield>
   <subfield code="a">01</subfield>
   <subfield code="a">02</subfield>
   <subfield code="a">03</subfield>
   <subfield code="a">04</subfield>
   <subfield code="a">05</subfield>
   <subfield code="a">06</subfield>
   <subfield code="a">07</subfield>
   <subfield code="a">08</subfield>
   <subfield code="a">09</subfield>
   <subfield code="a">10</subfield>
   <subfield code="a">11</subfield>
   <subfield code="a">12</subfield>
   <subfield code="a">13</subfield>
   <subfield code="a">15</subfield>
   <subfield code="a">16</subfield>
   <subfield code="a">17</subfield>
   <subfield code="a">18</subfield>
   <subfield code="a">19</subfield>
   <subfield code="a">20</subfield>
   <subfield code="a">21</subfield>
   <subfield code="a">22</subfield>
   <subfield code="a">23</subfield>
   <subfield code="a">24</subfield>
   <subfield code="a">25</subfield>
   <subfield code="a">26</subfield>
   <subfield code="b">12-05-17</subfield>
   <subfield code="c">m</subfield>
   <subfield code="d">z  </subfield>
   <subfield code="e">-</subfield>
   <subfield code="f">gre</subfield>
   <subfield code="g">gr </subfield>
   <subfield code="h">0</subfield>
  </datafield>
  <datafield tag="942" ind1=" " ind2=" ">
   <subfield code="2">ddc</subfield>
   <subfield code="c">KALLIPOS</subfield>
  </datafield>
 </record>
</collection>
